LEADER 01292nam--2200385---450- 001 990003270900203316 005 20090615101858.0 010 $a978-2-7283-0793-7 035 $a000327090 035 $aUSA01000327090 035 $a(ALEPH)000327090USA01 035 $a000327090 100 $a20090615d2008----km-y0itay50------ba 101 $afre 102 $aIT 105 $a||||||||001yy 200 1 $a<> grand tour revisite$epour une archeologie du tourisme$ele voyage des francais en Italie (milieu 18.e siecle-debut 19.e siecle)$fGilles Bertrand 210 $aRoma$cÉcole française de Rome$d1992 215 $a791 p., [33] c. di tav.$cill.$d24 cm 225 2 $aCollection de l?École française de Rome$v398 410 0$12001$aCollection de l?École française de Rome$v398 454 1$12001 461 1$1001-------$12001 606 0 $aViaggiatori francesi$yItalia$zSec. 18.-19.$2BNCF 676 $a914.5 700 1$aBERTRAND,$bGilles$0266778 801 0$aIT$bsalbc$gISBD 912 $a990003270900203316 951 $aVI.4.B. 922$b212619 L.M.$cVI.4.$d00226460 959 $aBK 969 $aUMA 979 $aMARTUCCIEL$b90$c20090615$lUSA01$h1018 979 $aPASSARO$b90$c20150218$lUSA01$h1406 996 $aGrand tour revisité$9839115 997 $aUNISA LEADER 01229oam 22003973n 450 001 9910695122903321 005 20060712151051.0 035 $a(CKB)5470000002367504 035 $a(OCoLC)49058180 035 $a(EXLCZ)995470000002367504 100 $a20020214d1997 ua 0 101 0 $aeng 181 $ctxt$2rdacontent 182 $cc$2rdamedia 183 $acr$2rdacarrier 200 00$aCosigning a loan$b[electronic resource] 210 1$a[Washington, D.C.] :$cFederal Trade Commission, Bureau of Consumer Protection, Office of Consumer and Business Education,$d[1997] 215 $a2 unnumbered pages $cdigital, PDF file 225 1 $aFTC facts for consumers 300 $aTitle from title screen (viewed on July 12, 2006). 300 $a"March 1997." 606 $aLoans, Personal$zUnited States 615 0$aLoans, Personal 676 $a070.5797 676 $a011.53 676 $a640.73 676 $a332.743 712 02$aUnited States.$bFederal Trade Commission.$bOffice of Consumer and Business Education. 801 0$bN@F 801 1$bN@F 801 2$bOCLCQ 801 2$bGPO 906 $aBOOK 912 $a9910695122903321 996 $aCosigning a loan$93187662 997 $aUNINA